PRŮMĚRNÉ HODNOTY METEOROLOGICKÝCH PRVKŮ Z OBSERVATOŘE PRAHA-KARLOV ZA OBDOBÍ 1931 - 1960

Bibliographic Details
Main Author: Dvořáková, Alice (Author)
Format: Article
Language:Czech

MARC

LEADER 00000nab a2200000ua 4500
001 vtls010841470
003 SK-MaSNL
005 20260303103707.0
008 230121s1969 xo |||||||||||||||||cze|
035 |a (urnnbn)urn:nbn:sk:snk:ar-a06ygs 
035 |a urn:nbn:sk:snk-ab640h 
035 |a (uuid)24d2a7b3-1ee0-4cd0-b01e-d9630f7f68b8 
040 |a SNKBUCL  |b slo  |c SNKBUCL  |e AACR2 
041 0 |a cze 
044 |a xo  |c SK 
100 1 |a Dvořáková, Alice  |4 aut  |9 1117689 
245 1 0 |a PRŮMĚRNÉ HODNOTY METEOROLOGICKÝCH PRVKŮ Z OBSERVATOŘE PRAHA-KARLOV ZA OBDOBÍ 1931 - 1960  |c Alice Dvořáková 
773 0 |t Meteorologické zprávy  |g Roč. 22, č. 4 (1969), s. 105-108 
954 |a odborná, vedecká literatúra cudzojazyčná (svetová)  |2 lita 
958 |a OND 
958 |a EUIPO 
958 |a article5 
999 |c 1851421  |d 1853351